000
00269nam a2200109Ia 4500
008
220204s9999 xx 000 0 und d
082
_a
065
_b
SOU
100
_a
Souder, W E
245
0
_a
Management decision methods
260
_a
New York
_b
Van Nostrand
_c
1980
942
_c
BK
999
_c
35562
_d
35562